000 00464nam a2200157Ia 4500
005 20250526022727.0
008 240331s9999 xx 000 0 und d
020 _a9552008085
082 _a302.232
_bNIM
100 _aNimalshantha, K
245 0 _aSinhala puwathpath theru lipiye vikashanaya ha samanvedanaya
260 _aColombo
_bS. Godage & brothers
_c1993
300 _a172 p .,
500 _aBroadcasting and communication of Sinhala newspapers
942 _cL
999 _c1158
_d1158